000 00446nam a2200181Ia 4500
003 0100
008 130303s9999 xx 000 0 und d
040 _cARRUPELIB
050 _aQ180.55.M4J861996
100 _aJung, Sangmo
245 4 _aThe Logic of Discovery
245 _bAn Interrogative Approach to Scientific Inquiry
260 _aNY
260 _bPeter Lang Publishing Company Inc
260 _C1996
300 _a211p
942 0 0 _01
999 _c18092
_d18092